Aventuras del ingenioso hidalgo Don Quijote de la Mancha /
Guardado en:
| Autor Principal: | |
|---|---|
| Otros Autores: | , |
| Formato: | Libro |
| Idioma: | Undetermined |
| Publicado: |
México :
Larousse,
1993.
|
| Edición: | 1a ed. |
| Series: | Clásica
|
| Materias: | |
| Etiquetas: |
Agregar Etiqueta
Sin Etiquetas, Sea el primero en etiquetar este registro!
|
| LEADER | 00912nam a22002655a 4500 | ||
|---|---|---|---|
| 001 | CEM.cems021243 | ||
| 008 | 240619s1993####mx############000#0#und#d | ||
| 005 | 20240619145121.0 | ||
| 245 | 1 | 0 | |a Aventuras del ingenioso hidalgo Don Quijote de la Mancha / |c Miguel de Cervantes Saavedra ; adaptado por M. García ; ilustrado por Leonid Nepomniatchi-Livova. |
| 250 | |a 1a ed. | ||
| 260 | |a México : |b Larousse, |c 1993. | ||
| 300 | |a 76 p. | ||
| 490 | 1 | |a Clásica | |
| 500 | |a Incluye glosario. | ||
| 500 | |a A partir de 9 años. | ||
| 100 | 1 | |a Cervantes Saavedra, Miguel de. | |
| 700 | 1 | |a García M.; adapt. | |
| 700 | 1 | |a Nepomniatchi-Livova, Leonid; il. | |
| 653 | |a Literatura española | ||
| 653 | |a Novela española | ||
| 653 | |a Novela infantil | ||
| 653 | |a Novela juvenil | ||
| 653 | |a Literatura infantil | ||
| 653 | |a Literatura juvenil | ||
| 859 | |a CEMS |b BIB. CEMS - Inicial y Primaria |h 863.3 |i C337 |k IP |p 2144 |t Ej.1 | ||
